| 000 | 01642nam a2200397 c 4500 | ||
|---|---|---|---|
| 003 | BLK | ||
| 005 | 20180420232227.0 | ||
| 008 | 180409b bul|||||r ||||||| ||bul|| | ||
| 010 | _aKNG00135051000 | ||
| 020 |
_a978-954-326-137-6 _bиздат.: Парадигма |
||
| 040 | _aBLK | ||
| 041 |
_aBUL _cBUL |
||
| 072 | 7 |
_2bullib _aН32 _xПолитика Н |
|
| 080 |
_aПартии и движения с консервативни възгледи. Консервативни партии _b329.11 _x(497.2)(091) _z329.11(497.2)(091) |
||
| 100 | 1 |
_aНиколов-Зиков, Петър _eпърви автор _9321665 |
|
| 139 |
_aНиколов-Зиков, Петър _bН 74 |
||
| 245 | 1 | 0 |
_aРаждането на българския консерватизъм _cПетър Николов-Зиков. |
| 246 | 1 | 1 | _aThe genesis of Bulgarian conservatism |
| 257 | _aBGR | ||
| 260 |
_аСофия _bПарадигма _c2011 _fВ. Търново : Фабер |
||
| 300 |
_a332 с., 8 л. _bил., портр., факс. _c21 см |
||
| 380 | _a9 | ||
| 500 | _aБиблиогр. с. 301-314. - Геогр. паказалец, именен показалец. | ||
| 650 | 4 |
_aКонсерватизъм - България _9321666 |
|
| 651 | 4 |
_aБългария _9241624 |
|
| 653 | _aконсерватизъм | ||
| 653 | _aпартии | ||
| 653 | _aконсервативни партии | ||
| 653 | _aистория | ||
| 659 | _aН | ||
| 852 | _aЦб 256683 | ||
| 856 | 4 |
_qpdf _u |
|
| 856 | 4 |
_qpdf _u |
|
| 942 |
_cKNG _n0 |
||
| 944 |
_aCR _c16.10.2012 _lф / _kГеновева_Генчева |
||
| 944 |
_aED _c18.04.2016 _lф / _kЛюдмила_Стоянова |
||
| 999 |
_c129316 _d129316 |
||